<?xml version="1.0" encoding="UTF-8"?>
<marc:record xmlns:marc="http://www.loc.gov/MARC21/slim">
   <marc:leader>00000nam a2200000 a 4500</marc:leader>
   <marc:datafield ind1="1" ind2=" " tag="100">
      <marc:subfield code="a">Müller, Bernhard</marc:subfield>
      <marc:subfield code="4">aut</marc:subfield>
      <marc:subfield code="e">Verfasser/-in</marc:subfield>
   </marc:datafield>
   <marc:datafield ind1="1" ind2=" " tag="100">
      <marc:subfield code="a">Seinitz, Kurt</marc:subfield>
      <marc:subfield code="4">wpr</marc:subfield>
      <marc:subfield code="e">Writer of preface</marc:subfield>
   </marc:datafield>
   <marc:datafield ind1=" " ind2=" " tag="653">
      <marc:subfield code="a">Softcover / Reiseberichte</marc:subfield>
   </marc:datafield>
   <marc:datafield ind1=" " ind2=" " tag="653">
      <marc:subfield code="a">Reiseerzählungen/Asien</marc:subfield>
   </marc:datafield>
   <marc:datafield ind1=" " ind2=" " tag="653">
      <marc:subfield code="a">Erlebnisbericht</marc:subfield>
   </marc:datafield>
   <marc:datafield ind1="0" ind2="0" tag="245">
      <marc:subfield code="a">China, hinter dem Reis</marc:subfield>
   </marc:datafield>
   <marc:datafield ind1="0" ind2="0" tag="245">
      <marc:subfield code="b">Erlebnisberichte aus dem Reich der Mitte = Zhong guo, da mi de bei hou</marc:subfield>
   </marc:datafield>
   <marc:datafield ind1="0" ind2="0" tag="245">
      <marc:subfield code="c">Bernhard Müller</marc:subfield>
   </marc:datafield>
   <marc:datafield ind1=" " ind2="1" tag="264">
      <marc:subfield code="a">Wien</marc:subfield>
      <marc:subfield code="b">Seifert Verlag</marc:subfield>
   </marc:datafield>
   <marc:datafield ind1=" " ind2=" " tag="250">
      <marc:subfield code="a">1. Auflage</marc:subfield>
   </marc:datafield>
   <marc:datafield ind1="1" ind2=" " tag="520">
      <marc:subfield code="a">Angaben aus der Verlagsmeldung

China hinter dem Reis : Erlebnisberichte aus dem Reich der Mitte / von Bernhard Müller

Der Autorbesuchte als Stadtpolitiker und Vorstandsmitglied einer österreichisch-chinesischen Freundschaftsgesellschaft in den letzten zehn Jahren ausgiebig die Volksrepublik China. Er begab sich in Pu’er und dem Land des Tees auf die Spuren des Kaffees, sprach mit betagten Winterschwimmern im eisigen Nordchina, spielte mit Beamten „Stein, Schere, Papier“, musste erkennen, dass Fußmassagen in Shanghai statt Entspannung Schmerzen bringen können, erlebte Skurriles und Berührendes. Seine Reisen führten ihn in Städte, die man kaum in einem Reiseführer findet, und er weiß von Begebenheiten und Persönlichkeiten zu berichten, die Touristen vorenthalten sind. „Hinter dem Reis“ ist ein persönlicher, kurzweiliger, außerordentlich informativer Reise- und Erlebnisbericht, der den Bogen von hochrangigen politischen Meetings, über Gespräche mit jungen Menschen auf der Straße, bis hin zu herzlichen Freundschaften spannt. Das Buch will aber auch mit manchen Mythen aufräumen, wie jenen, dass alle Chinesen gleich aussehen, keinen Schnaps vertragen und stets nur Reis essen und Pflaumenwein trinken. Denn wie sagte schon Konfuzius: „Wissen, was man weiß, und wissen, was man nicht weiß, das ist wahres Wissen.“
</marc:subfield>
   </marc:datafield>
   <marc:datafield ind1=" " ind2=" " tag="020">
      <marc:subfield code="a">9783902924452</marc:subfield>
      <marc:subfield code="9">9783902924452</marc:subfield>
   </marc:datafield>
   <marc:datafield ind1=" " ind2=" " tag="041">
      <marc:subfield code="a">ger</marc:subfield>
   </marc:datafield>
   <marc:datafield ind1=" " ind2=" " tag="300">
      <marc:subfield code="a">295 Seiten</marc:subfield>
   </marc:datafield>
</marc:record>
